Sports Quiz

Random Sports Quiz
Score 0/15 Timer 05:00
0 Plays Today
League Winner % Correct
La LigaReal Madrid
99.6%
Serie AJuventus
98.8%
BundesligaBayern Munich
98.8%
Ligue 1PSG
96.7%
ChampionshipLeeds United
93.2%
Primeira Liga (Portugal)Porto
90.8%
Super League GreeceOlympiacos
64.2%
Russian Premier LigaZenit St Petersburg
60.6%
League Winner % Correct
Premier Liga (Ukraine)Shakhtar Donetsk
41.1%
Jupiler Pro League (Belgium)Club Brugge
36.7%
Austrian BundesligaRed Bull Salzburg
33.9%
Swiss Super LeagueYoung Boys
33.6%
Super Lig (Turkey)Istanbul Basaksehir FK
21.5%
League OneCoventry City
21.4%
League TwoSwindon Town
14.3%
Remove Ads.
Support Sporcle.
Get the best of Sporcle when you Go Orange. This ad-free experience offers more features, more stats, and more fun while also helping to support Sporcle. Thank you for becoming a member.

You're not logged in!

Compare scores with friends on all Sporcle quizzes.
OR
Log In

Show Comments

Extras

Created Aug 28, 2020ReportNominate
Tags:domestic, League, Winner

Top Quizzes Today


Score Distribution

Your Account Isn't Verified!

In order to create a playlist on Sporcle, you need to verify the email address you used during registration. Go to your Sporcle Settings to finish the process.

Report this User

Report this user for behavior that violates our Community Guidelines.

Details: